Optimization / (Record no. 135078)

MARC details
000 -LEADER
fixed length control field 00733nam a2200241 a 4500
008 - FIXED-LENGTH DATA ELEMENTS--GENERAL INFORMATION
fixed length control field
020 ## - INTERNATIONAL STANDARD BOOK NUMBER
International Standard Book Number 0702208051 (pbk.)
049 ## - LOCAL HOLDINGS (OCLC)
Holding library MAIN
090 ## - LOCALLY ASSIGNED LC-TYPE CALL NUMBER (OCLC); LOCAL CALL NUMBER (RLIN)
Classification number (OCLC) (R) ; Classification number, CALL (RLIN) (NR) QA402.5
Local cutter number (OCLC) ; Book number/undivided call number, CALL (RLIN) OPT
003 - CONTROL NUMBER IDENTIFIER
control field
005 - DATE AND TIME OF LATEST TRANSACTION
control field 20230123125049.0
040 ## - CATALOGING SOURCE
Transcribing agency NUST
245 10 - TITLE STATEMENT
Title Optimization /
Statement of responsibility, etc. edited by R. S. Anderssen, L. S. Jennings, and D. M. Ryan.
260 ## - PUBLICATION, DISTRIBUTION, ETC.
Place of publication, distribution, etc. Queensland :
Name of publisher, distributor, etc. University of Queensland Press,
Date of publication, distribution, etc. 1972.
300 ## - PHYSICAL DESCRIPTION
Extent 237 p. :
Other physical details ill. ;
Dimensions 25 cm.
504 ## - BIBLIOGRAPHY, ETC. NOTE
Bibliography, etc. note Includes bibliographical references.
650 #1 - SUBJECT ADDED ENTRY--TOPICAL TERM
Topical term or geographic name entry element Mathematical optimization.
700 ## - ADDED ENTRY--PERSONAL NAME
Personal name Ryan, D. M.
700 ## - ADDED ENTRY--PERSONAL NAME
Personal name Anderssen, R. S.
700 ## - ADDED ENTRY--PERSONAL NAME
Personal name Jennings, L. S.
907 ## - LOCAL DATA ELEMENT G, LDG (RLIN)
a .b10284680
b 23-07-12
c 30-09-10
942 ## - ADDED ENTRY ELEMENTS (KOHA)
Koha item type Ordinary Loan Books
Call number prefix QA402.5
Call number suffix OPT
Holdings
Date last seen Total Checkouts Full call number Barcode Cost, replacement price Price effective from Koha item type Lost status Source of classification or shelving scheme Damaged status Not for loan Collection Withdrawn status Home library Current library Shelving location Date acquired Cost, normal purchase price
01/23/2023   QA402.5 OPT 92004011471 80.00 01/23/2023 BOOKS   LCC     NFIC   MAIN MAIN GEN 01/23/2023 80.00